00477nmm a2200133Ia 4500008004100000020001800041041000800059100001700067245010800084264005500192300001800247650002700265856005100292251105s9999||||xx |||||||||||||||||und|| a9789560101785 aspa aNoyola, Juan 0aLa distribución de la riqueza familiar en Monterrey : Un enfoque alternativo para estudiar la pobreza a[Santiago de Chile, Chile] :bRil editores, c2015 a180 páginas aEconomics and Business uhttps://public.digitaliapublishing.com/a/39374